Schwarzenegger Movies - Sudden Death - Statistics

General Stats
  • This quiz has been taken 3,180 times
  • The average score is 11 of 20
Answers on the Grid
Answers color-coded by a green-red scale on the quiz's grid according to % correct below.
Batman & Robin
Batman: The
Iceman Cometh
Blood Sport
Commando
Conan the Barbarian
Coyote Ugly
End of Days
Eraser
Escape Plan
First Blood
Ivanhoe the Stoic
Jingle All the Way
Junior
Kindergarten Cop
Last Action Hero
Maximum Overdrive
Mr. Mom
Predator
Red Heat
Red Notice
Repo Man
Roadhouse
Shakespeare in Love
The Terminator
Terminator 2:
Judgment Day
Terminators:
Evangelion
The Expendables
The Expendables 2
The Expendables XII
The Most
Dangerous Game
The Running Man
Total Recall
Tropic Thunder
True Grit
True Lies
Twins
 
Answer Stats
Answer % Correct
Terminator 2:
Judgment Day
75%
Conan the Barbarian
73%
Batman & Robin
68%
Kindergarten Cop
68%
The Terminator
68%
Commando
66%
Predator
61%
Last Action Hero
55%
Total Recall
55%
Jingle All the Way
53%
Twins
53%
True Lies
52%
Junior
51%
The Expendables 2
47%
The Running Man
46%
The Expendables
45%
Eraser
42%
End of Days
38%
Red Heat
30%
Escape Plan
24%
No matching quizzes found
Score Distribution
Percent of People with Each Score
Percentile by Number Answered
Your Score History
You have not taken this quiz